• 首页
  • 本馆介绍
  • 公告通知
  • 最新文献
  • 馆藏检索
  • 电子资源
  • 读者导购
  • 参考咨询
  • 我的图书馆
  • 登录
  • 详细信息显示
  • 放入我的书架
  • 预约/预借图书
  • 作者相关作品
  • 分类相关作品
  • 丛书相关作品
  • 出版社相关作品

书目信息

  • 表格格式
  • 工作单格式
  • 卡片格式
题名:
优质红茶加工概论
    
 
作者: 粟本文 , 赵熙 , 钟兴刚 编著
分册:  
出版信息: 长沙   中南大学出版社  2016.07
页数: 229页
开本: 24cm
丛书名:
单 册:
中图分类: TS272.5
科图分类:
主题词: 红茶--制茶工艺--概论
电子资源:
ISBN: 978-7-5487-2656-2
000 01242nam0 2200277 450
001 0400006738
005 20171105143103.0
010    @a978-7-5487-2656-2@dCNY38.00
100    @a20170328d2016 em y0chiy50 ea
101 0  @achi
102    @aCN@b430000
105    @ay z 000yy
106    @ar
200 1  @a优质红茶加工概论@Ayou zhi hong cha jia gong gai lun@dIntroduction to high quality black tea processing@zeng@f粟本文,赵熙等编著
210    @a长沙@c中南大学出版社@d2016.07
215    @a229页@d24cm
304    @a编著还有: 赵熙、钟兴刚、黄怀生、银霞等
330    @a本书重点介绍并论述红茶的产生与发展、红茶的种类与花色、世界红茶产区与主要著名红茶、我国红茶的发展前景及优质红茶的鲜叶原料、加工的理论基础、加工工艺、加工的机械与设备、加工厂的设计与建设、优质红茶的贮藏与运输、新技术在优质红茶加工中的应用、优质红茶加工质量控制、红茶的产品标准及我国主要经典红茶等共十一章,兼具科学性和实用性。
510 1  @aIntroduction to high quality black tea processing@zeng
606 0  @a红茶@x制茶工艺@x概论
690    @aTS272.5@v5
701  0 @a粟本文@Asu ben wen@4编著
701  0 @a赵熙@Azhao xi@4编著
701  0 @a钟兴刚@Azhong xing gang@4编著
801  0 @aCN@b上海新华@c20171105
905    @b1024199,1024199-200,200-201@dTS272.5@e260@f5
    
    优质红茶加工概论=Introduction to high quality black tea processing/粟本文,赵熙等编著.-长沙:中南大学出版社,2016.07
    229页;24cm
    
    
    ISBN 978-7-5487-2656-2:CNY38.00
    本书重点介绍并论述红茶的产生与发展、红茶的种类与花色、世界红茶产区与主要著名红茶、我国红茶的发展前景及优质红茶的鲜叶原料、加工的理论基础、加工工艺、加工的机械与设备、加工厂的设计与建设、优质红茶的贮藏与运输、新技术在优质红茶加工中的应用、优质红茶加工质量控制、红茶的产品标准及我国主要经典红茶等共十一章,兼具科学性和实用性。
●
相关链接 在E读中查询图书 在五车中查询图书 在当当中查询图书 在豆瓣中查询图书


正题名:优质红茶加工概论     索取号:TS272.5/260         预约/预借

序号 登录号 条形码 馆藏地/架位号 状态 备注
1 1024199   210241996   第三借阅区/ [索取号:TS272.5/260] 在馆    
2 1024200   210242003   第三借阅区/ [索取号:TS272.5/260] 在馆    
3 1024201   210242012   密集书库-生命科学系/ [索取号:TS272.5/260] 在馆    
4 1024202   210242021   第二样本阅览室/ [索取号:TS272.5/260] 在馆    
5 1024203   210242030   第三借阅区/ [索取号:TS272.5/260] 在馆    
唐山师范学院图书馆 欢迎您!
大连网信软件有限公司© 版权所有